00530nam a2200193 a 4500001001300000003000900013005001700022008004100039020002300080082001700103100002000120245005900140260004500199300000900244500003500253505001000288650001800298700002000316nice12345678IN_TiNIC20260116014823.0050524s1988 chia grp 000 0 eng  a0226305 c40000a726.175bMIC aMichell, George aHindu Temple, an Introduction to Its Meaning and Forms aChicagobChicago University Press c1988 a192p aincludes index and biblioraphy2 aIndex aTemples-Hindu1 aMichell, George